000
00304nam a22001337a 4500
008
170320b xxu||||| |||| 00| 0 eng d
020
_a
9781884158131
041
_a
eng
080
_a
616.8
100
_a
7
101
_a
shm
245
_a
I HAVE A FRIEND WITH MENTAL ILLNESS
_c
CARLSON, H
942
_2
udc
_c
BK
999
_c
8044
_d
8044